Public hospitals in developing countries : resource use, cost, financing (Record no. 34131)

MARC details
000 -LEADER
fixed length control field 00564nam a2200181Ia 4500
020 ## - INTERNATIONAL STANDARD BOOK NUMBER
ISBN 0801845327
050 ## - CALL MARK
Classification number RA 971.3 .B37/
100 ## - STATEMENT OF RESPONSIBILITY--MAIN AUTHOR NAME
Personal name Barnum, Howard.
245 #0 - TITLE STATEMENT
Title Public hospitals in developing countries : resource use, cost, financing
260 ## - PUBLICATION, DISTRIBUTION, ETC. (IMPRINT)
Place of publication Washington, D.C
260 ## - PUBLICATION, DISTRIBUTION, ETC. (IMPRINT)
Name of publisher Johns Hopkins University Press
260 ## - PUBLICATION, DISTRIBUTION, ETC. (IMPRINT)
Year of publication 1993
300 ## - PHYSICAL DESCRIPTION
Number of Pages 335 p
650 ## - SUBJECT ADDED ENTRY--TOPICAL TERM
Topical Term Hospitals--Developing countries--Finance. Hospitals--Developing countries--Cost control.
942 ## - ADDED ENTRY ELEMENTS (KOHA)
Koha item type Books
Holdings
Withdrawn status Lost status Source of classification or shelving scheme Damaged status Not for loan Permanent Location Current Location Date acquired Accession Number Price effective from Koha item type
    Library of Congress Classification     NILE UNIVERSITY OF NIGERIA - MAIN LIBRARY NILE UNIVERSITY OF NIGERIA - MAIN LIBRARY 04/23/2025 0194494 04/23/2025 Books